Words that Rhyme with Mat - Statistics

General Stats
  • This quiz has been taken 109 times
  • The average score is 7 of 8
Answer Stats
# Word % Correct
Only flying mammal Bat
100%
Meow Cat
99%
Clothing for your head Hat
99%
Not a mouse Rat
98%
Past tense of sit Sat
98%
Slang for a conversation Chat
90%
Large or full Fat
81%
To nurture the above Pat
81%
No matching quizzes found
Score Distribution
Percent of People with Each Score
Percentile by Number Answered
Your Score History
You have not taken this quiz